| 000 | 00000nam 2200000za 4500 |
| 001 | 9.801184 |
| 003 | CaOODSP |
| 005 | 20221107134741 |
| 007 | cr ||||||||||| |
| 008 | 160420s2015 onc ob f000 0 fre d |
| 020 | |a978-0-660-02507-0 |
| 040 | |aCaOODSP|bfre |
| 043 | |an-cn--- |
| 086 | 1 |aHP40-143/2015F-PDF |
| 245 | 00|aRevue de la documentation portant sur l'utilisation du vaccin contre la grippe Fluad PédiatriqueMC chez les enfants âgés de 6 à 72 mois |h[ressource électronique]. |
| 246 | 1 |iEn tête du titre : |aDéclaration d'un comité consultatif (DCC) - Comité consultatif national de l'immunisation (CCNI) |
| 260 | |a[Ottawa] : |bAgence de santé publique du Canada,|c[2015] |
| 300 | |a22, [33] p. |
| 500 | |aPubl. aussi en anglais sous le titre : Literature review on Pediatric Fluad® influenza vaccine use in children 6-72 months of age. |
| 504 | |aComprend des références bibliographiques. |
| 692 | 07|2gccst|aGrippe |
| 692 | 07|2gccst|aEnfant |
| 692 | 07|2gccst|aImmunisation |
| 692 | 07|2gccst|aMédicament breveté |
| 692 | 07|2gccst|aLittérature |
| 710 | 1 |aCanada. |bComité consultatif national de l'immunisation. |
| 710 | 2 |aAgence de santé publique du Canada. |
| 775 | 08|tLiterature review on Pediatric Fluad® influenza vaccine use in children 6-72 months of age |w(CaOODSP)9.801183 |
| 856 | 40|qPDF|s1.93 Mo|uhttps://publications.gc.ca/collections/collection_2016/aspc-phac/HP40-143-2015-fra.pdf |
| 986 | |a150030 |